[Event "Khanty-Mansiysk Governor Cup Rapid"]
[Site "Khanty-Mansiysk"]
[Date "2023.11.27"]
[Round "8"]
[White "Kabanov, Nikolai"]
[Black "Melin, Vladislav"]
[Result "1-0"]
[WhiteElo "2434"]
[BlackElo "1610"]
[PlyCount "77"]
[EventDate "2023.11.26"]
[EventType "swiss (rapid)"]
[EventRounds "11"]
[EventCountry "RUS"]
[SourceTitle "CB49_2023"]
[SourceDate "2023.12.06"]
[SourceVersion "1"]
[SourceVersionDate "2023.12.06"]
[SourceQuality "1"]

1. e4 c5 2. Nf3 Nf6 3. e5 Nd5 4. Nc3 e6 5. Bc4 Nb6 6. Be2 d5 7. exd6 Bxd6 8. d4 0-0 9. Ne4 cxd4 10. Nxd6 Qxd6 11. Qxd4 Qxd4 12. Nxd4 e5 13. Nb5 Nc6 14. Be3 Rd8 15. Nxa7 Nd5 16. Nxc8 Rdxc8 17. c3 Nxe3 18. fxe3 Rd8 19. a3 Ne7 20. Rd1 Rxd1+ 21. Bxd1 Rd8 22. Rf1 f6 23. Bb3+ Kf8 24. Rf2 Nc6 25. Rd2 Rxd2 26. Kxd2 Ke7 27. Bd5 Nd8 28. e4 Kd6 29. c4 g6 30. g4 b6 31. b4 h6 32. Kc3 Kc7 33. a4 Kd6 34. a5 bxa5 35. c5+ Kc7 36. bxa5 Kb8 37. Kc4 Kc7 38. a6 Kb8 39. Kb5 1-0

[Event "Khanty-Mansiysk Governor Cup Rapid"]
[Site "Khanty-Mansiysk"]
[Date "2023.11.26"]
[Round "4"]
[White "Ovod, Evgenija"]
[Black "Melin, Vladislav"]
[Result "1-0"]
[WhiteElo "2256"]
[BlackElo "1610"]
[PlyCount "89"]
[EventDate "2023.11.26"]
[EventType "swiss (rapid)"]
[EventRounds "11"]
[EventCountry "RUS"]
[SourceTitle "CB49_2023"]
[SourceDate "2023.12.06"]
[SourceVersion "1"]
[SourceVersionDate "2023.12.06"]
[SourceQuality "1"]

1. e4 c6 2. d4 d5 3. exd5 cxd5 4. Bd3 Nc6 5. c3 Nf6 6. Bf4 Bg4 7. Qb3 Qd7 8. Nd2 e6 9. Ngf3 Bd6 10. Bg3 0-0 11. 0-0 Bxf3 12. Nxf3 Bxg3 13. hxg3 Qd6 14. Rfe1 Nd7 15. Re2 Rab8 16. a4 a6 17. a5 h6 18. Qa3 Qc7 19. Nd2 e5 20. dxe5 Ndxe5 21. Bf5 d4 22. Rae1 d3 23. Re3 Rbd8 24. f4 Ng6 25. Rxd3 Nxa5 26. Bxg6 fxg6 27. Rxd8 Rxd8 28. Qa2+ Kh7 29. Nf3 Nc6 30. Kh2 Qd7 31. Qb3 b5 32. Qa3 Qc8 33. Qc5 Re8 34. Rxe8 Qxe8 35. Nd4 Nxd4 36. cxd4 Qd7 37. b4 Kg8 38. d5 Kf7 39. d6 Ke6 40. Qe5+ Kf7 41. Qd5+ Kf6 42. Kg1 h5 43. Kf2 Qe6 44. Qd4+ Kf7 45. d7 1-0